[Event "IND-ch (Women) 48th"]
[Site "Hatkanangale"]
[Date "2022.12.28"]
[Round "3"]
[White "Dakshita, Kumawat"]
[Black "Yash, Jyoti Bir"]
[Result "1-0"]
[WhiteElo "1656"]
[BlackElo "2099"]
[PlyCount "49"]
[EventDate "2022.12.26"]
[EventType "swiss"]
[EventRounds "11"]
[EventCountry "IND"]
[SourceTitle "CBM 212 Extra"]
[Source "ChessBase"]
[SourceDate "2023.03.31"]
[SourceVersion "1"]
[SourceVersionDate "2023.03.31"]
[SourceQuality "1"]

1. d4 Nf6 2. Bf4 d5 3. e3 c5 4. Nf3 Nc6 5. Nbd2 Bf5 6. dxc5 e6 7. b4 Nxb4 8. Bb5+ Nc6 9. Nd4 Qc8 10. N2b3 a6 11. Ba4 e5 12. Bxe5 Bd7 13. Bxf6 gxf6 14. Qf3 Nxd4 15. Bxd7+ Qxd7 16. exd4 Qe6+ 17. Kd1 0-0-0 18. Re1 Qc6 19. Rb1 Bh6 20. Qh3+ Kb8 21. Qxh6 Qb5 22. Qxf6 Rhe8 23. Kd2 Qb4+ 24. c3 Qa3 25. Nc1 1-0

[Event "Abu Dhabi Masters 28th"]
[Site "Abu Dhabi"]
[Date "2022.08.25"]
[Round "9"]
[White "Hamad, Bader"]
[Black "Yash, Jyoti Bir"]
[Result "1/2-1/2"]
[WhiteElo "2029"]
[BlackElo "2191"]
[PlyCount "28"]
[EventDate "2022.08.17"]
[EventType "swiss"]
[EventRounds "9"]
[EventCountry "UAE"]
[SourceTitle "CBM 209 Extra"]
[Source "ChessBase"]
[SourceDate "2022.09.30"]
[SourceVersion "1"]
[SourceVersionDate "2022.09.30"]
[SourceQuality "1"]

1. e4 c5 2. Nf3 d6 3. d4 cxd4 4. Nxd4 Nf6 5. Nc3 a6 6. Bc4 e6 7. Bb3 b5 8. 0-0 Bb7 9. Re1 Nc6 10. a4 b4 11. Rb1 Rb8 12. Ra1 Ra8 13. Rb1 Rb8 14. Ra1 Ra8 1/2-1/2

[Event "Abu Dhabi Masters 28th"]
[Site "Abu Dhabi"]
[Date "2022.08.24"]
[Round "8"]
[White "Yash, Jyoti Bir"]
[Black "Liyanage, Ranindu Dilshan"]
[Result "0-1"]
[WhiteElo "2191"]
[BlackElo "2286"]
[PlyCount "82"]
[EventDate "2022.08.17"]
[EventType "swiss"]
[EventRounds "9"]
[EventCountry "UAE"]
[SourceTitle "CBM 209 Extra"]
[Source "ChessBase"]
[SourceDate "2022.09.30"]
[SourceVersion "1"]
[SourceVersionDate "2022.09.30"]
[SourceQuality "1"]

1. e4 e6 2. d4 d5 3. Nd2 c5 4. exd5 Qxd5 5. Ngf3 cxd4 6. Bc4 Qd7 7. 0-0 Nc6 8. Nb3 a6 9. Nbxd4 Nxd4 10. Nxd4 Qc7 11. Qe2 Bd6 12. h3 Ne7 13. c3 0-0 14. Bg5 Ng6 15. Bb3 Bd7 16. Rad1 e5 17. Nf3 Bb5 18. c4 Bc6 19. Nh4 Nxh4 20. Bxh4 Bc5 21. Bg3 Rae8 22. Kh1 Qc8 23. Kh2 f5 24. Bxe5 f4 25. f3 Rf5 26. Rfe1 Rfxe5 27. Qxe5 Rxe5 28. Rxe5 b6 29. Bc2 g6 30. Be4 Qc7 31. Bd5+ Kg7 32. Re6 Bd7 33. Re2 Be3 34. b3 Bf5 35. g4 fxg3+ 36. Kg2 Qf4 37. Rde1 Bf2 38. Re7+ Kh6 39. R1e2 Qc1 40. Rxf2 gxf2 41. Kxf2 Bxh3 0-1

[Event "Novi Sad TS 221st"]
[Site "Novi Sad"]
[Date "2021.11.03"]
[Round "2.1"]
[White "Yash, Jyoti Bir"]
[Black "Dokic, Zoran"]
[Result "1-0"]
[WhiteElo "2042"]
[BlackElo "1996"]
[PlyCount "39"]
[EventDate "2021.11.02"]
[EventType "schev"]
[EventRounds "9"]
[EventCountry "SRB"]
[SourceTitle "CBM 205 Extra"]
[Source "ChessBase"]
[SourceDate "2022.01.31"]
[SourceVersion "1"]
[SourceVersionDate "2022.01.31"]
[SourceQuality "1"]
[WhiteTeam "Team B"]
[BlackTeam "Team A"]
[WhiteTeamCountry "SRB"]
[BlackTeamCountry "SRB"]

1. e4 Nf6 2. e5 Nd5 3. c4 Nb6 4. Nc3 e6 5. d4 Bb4 6. Bd2 d6 7. exd6 cxd6 8. Nf3 0-0 9. Bd3 h6 10. 0-0 Nc6 11. Re1 e5 12. dxe5 dxe5 13. Qc2 Bxc3 14. Bxc3 f6 15. Rad1 Qe8 16. c5 Nd7 17. b4 a6 18. Qb3+ Kh8 19. Nh4 Ne7 20. f4 1-0

[Event "Novi Sad TS 219th"]
[Site "Novi Sad"]
[Date "2021.10.30"]
[Round "7.1"]
[White "Poprzen, Miroslav"]
[Black "Yash, Jyoti Bir"]
[Result "0-1"]
[WhiteElo "1920"]
[BlackElo "1931"]
[PlyCount "48"]
[EventDate "2021.10.25"]
[EventType "schev"]
[EventRounds "8"]
[EventCountry "SRB"]
[SourceTitle "CBM 205 Extra"]
[Source "ChessBase"]
[SourceDate "2022.01.31"]
[SourceVersion "1"]
[SourceVersionDate "2022.01.31"]
[SourceQuality "1"]
[WhiteTeam "Team A"]
[BlackTeam "Team B"]
[WhiteTeamCountry "SRB"]
[BlackTeamCountry "SRB"]

1. e4 c5 2. c3 Nf6 3. e5 Nd5 4. d4 e6 5. Nf3 Be7 6. Bd3 d6 7. 0-0 0-0 8. Na3 a6 9. Nc2 Nc6 10. exd6 Qxd6 11. dxc5 Qxc5 12. Ncd4 Nxd4 13. Nxd4 f5 14. a4 e5 15. Ne2 Be6 16. Bd2 Rad8 17. Re1 Qc7 18. Bc2 Kh8 19. h3 Bd6 20. Qc1 a5 21. Bb3 f4 22. c4 Nb4 23. Nxf4 Bf7 24. Nd5 Nxd5 0-1

[Event "Novi Sad TS 219th"]
[Site "Novi Sad"]
[Date "2021.10.25"]
[Round "1.1"]
[White "Mandic, Milenko"]
[Black "Yash, Jyoti Bir"]
[Result "0-1"]
[WhiteElo "1891"]
[BlackElo "1931"]
[PlyCount "42"]
[EventDate "2021.10.25"]
[EventType "schev"]
[EventRounds "8"]
[EventCountry "SRB"]
[SourceTitle "CBM 205 Extra"]
[Source "ChessBase"]
[SourceDate "2022.01.31"]
[SourceVersion "1"]
[SourceVersionDate "2022.01.31"]
[SourceQuality "1"]
[WhiteTeam "Team A"]
[BlackTeam "Team B"]
[WhiteTeamCountry "SRB"]
[BlackTeamCountry "SRB"]

1. d4 d5 2. Bf4 Nf6 3. c3 c5 4. e3 Nc6 5. Nf3 Qb6 6. Qb3 c4 7. Qxb6 axb6 8. Nbd2 Bf5 9. Be2 e6 10. 0-0 b5 11. b4 h6 12. Bd1 Ra3 13. Ne5 Nxe5 14. Bxe5 Kd7 15. f3 Bd3 16. Rf2 Be7 17. e4 Rxc3 18. a4 Ra8 19. exd5 exd5 20. Nb1 Rc1 21. Rd2 Bxb4 0-1

[Event "Novi Sad TS Mix 217th"]
[Site "Novi Sad"]
[Date "2021.10.23"]
[Round "12"]
[White "Leskur, Dejan"]
[Black "Yash, Jyoti Bir"]
[Result "1/2-1/2"]
[WhiteElo "2285"]
[BlackElo "1931"]
[PlyCount "22"]
[EventDate "2021.10.16"]
[EventType "tourn"]
[EventRounds "13"]
[EventCountry "SRB"]
[EventCategory "1"]
[SourceTitle "EXT 2023"]
[Source "ChessBase"]
[SourceDate "2022.10.05"]
[SourceVersion "1"]
[SourceVersionDate "2022.10.05"]
[SourceQuality "1"]

1. e4 c5 2. Nf3 d6 3. d4 cxd4 4. Nxd4 Nf6 5. Nc3 a6 6. Be3 e5 7. Nb3 Be6 8. f3 h5 9. Qd2 Nbd7 10. Be2 Rc8 11. 0-0 Be7 1/2-1/2

[Event "Novi Sad Put Svile Schev 3rd"]
[Site "Novi Sad"]
[Date "2021.08.04"]
[Round "7.1"]
[White "Mikalacki, Sinisa"]
[Black "Yash, Jyoti Bir"]
[Result "0-1"]
[WhiteElo "1706"]
[BlackElo "1690"]
[PlyCount "52"]
[EventDate "2021.08.01"]
[EventType "schev"]
[EventRounds "9"]
[EventCountry "SRB"]
[SourceTitle "EXT 2022"]
[Source "ChessBase"]
[SourceDate "2021.10.06"]
[SourceVersion "1"]
[SourceVersionDate "2021.10.06"]
[SourceQuality "1"]
[WhiteTeam "Team A"]
[BlackTeam "Team B"]
[WhiteTeamCountry "SRB"]
[BlackTeamCountry "SRB"]

1. e4 c5 2. Bc4 d6 3. d3 Nc6 4. Be3 Nf6 5. h3 e6 6. g4 a6 7. a4 Be7 8. Nf3 d5 9. exd5 exd5 10. Bb3 h5 11. g5 Nh7 12. Kf1 Be6 13. h4 Bg4 14. Kg2 f6 15. Nbd2 fxg5 16. Qe1 0-0 17. Nxg5 Bxg5 18. hxg5 c4 19. dxc4 d4 20. g6 Qf6 21. c5+ Kh8 22. Bf7 dxe3 23. Qxe3 Ne5 24. f3 Nxg6 25. fxg4 Qxf7 26. Raf1 Qd5+ 0-1

[Event "Novi Sad Put Svile Schev 3rd"]
[Site "Novi Sad"]
[Date "2021.08.02"]
[Round "3.1"]
[White "Petrovic, Vladan"]
[Black "Yash, Jyoti Bir"]
[Result "0-1"]
[WhiteElo "1902"]
[BlackElo "1690"]
[PlyCount "56"]
[EventDate "2021.08.01"]
[EventType "schev"]
[EventRounds "9"]
[EventCountry "SRB"]
[SourceTitle "EXT 2022"]
[Source "ChessBase"]
[SourceDate "2021.10.06"]
[SourceVersion "1"]
[SourceVersionDate "2021.10.06"]
[SourceQuality "1"]
[WhiteTeam "Team A"]
[BlackTeam "Team B"]
[WhiteTeamCountry "SRB"]
[BlackTeamCountry "SRB"]

1. e4 c5 2. Nf3 d6 3. d4 cxd4 4. Nxd4 Nf6 5. Nc3 a6 6. Be2 e5 7. Nb3 Be6 8. 0-0 Be7 9. Be3 b5 10. a3 Nbd7 11. h3 0-0 12. Qd2 Qc7 13. Rad1 Rfd8 14. f4 Nc5 15. Nxc5 dxc5 16. Qe1 Rxd1 17. Bxd1 b4 18. Nd5 Nxd5 19. exd5 Bxd5 20. axb4 cxb4 21. Qg3 exf4 22. Bxf4 Qb6+ 23. Kh2 Qg6 24. Qxg6 hxg6 25. Bf3 Bxf3 26. Rxf3 Rc8 27. c3 bxc3 28. bxc3 Bf6 0-1

[Event "Novi Sad Putnik Schev"]
[Site "Novi Sad"]
[Date "2021.07.21"]
[Round "5"]
[White "Drazic, Dusan"]
[Black "Yash, Jyoti Bir"]
[Result "0-1"]
[WhiteElo "1261"]
[BlackElo "1592"]
[PlyCount "26"]
[EventDate "2021.07.18"]
[EventType "schev"]
[EventRounds "7"]
[EventCountry "SRB"]
[SourceTitle "EXT 2022"]
[Source "ChessBase"]
[SourceDate "2021.10.06"]
[SourceVersion "1"]
[SourceVersionDate "2021.10.06"]
[SourceQuality "1"]
[WhiteTeam "Theam A"]
[BlackTeam "Theam B"]
[WhiteTeamCountry "SRB"]
[BlackTeamCountry "SRB"]

1. Nf3 d5 2. d3 Nf6 3. g3 e6 4. Bg2 Be7 5. 0-0 0-0 6. Nc3 Nc6 7. e4 d4 8. Nb5 e5 9. c3 a6 10. Na3 Bxa3 11. bxa3 dxc3 12. Qb3 Nd4 13. Qxc3 Ne2+ 0-1

[Event "FISCA Online U14 op"]
[Site "Chess.com INT"]
[Date "2020.05.14"]
[Round "6"]
[White "Moroita, Vlad"]
[Black "Yash, Jyoti Bir"]
[Result "0-1"]
[WhiteElo "1194"]
[BlackElo "1592"]
[PlyCount "62"]
[EventDate "2020.05.09"]
[EventType "swiss"]
[EventRounds "9"]
[EventCountry "ROU"]
[SourceTitle "EXT 2021"]
[Source "ChessBase"]
[SourceDate "2020.10.23"]
[SourceVersion "1"]
[SourceVersionDate "2020.10.23"]
[SourceQuality "1"]

1. d4 d5 2. Nf3 Nf6 3. c4 e6 4. Bg5 Be7 5. e3 c6 6. Nc3 Nbd7 7. Bd3 h6 8. Bh4 0-0 9. 0-0 dxc4 10. Bxc4 Nd5 11. Bxe7 Qxe7 12. Rc1 Nxc3 13. Rxc3 e5 14. dxe5 Nxe5 15. Nxe5 Qxe5 16. Qf3 Be6 17. Bxe6 fxe6 18. Qg4 Rad8 19. Rc2 Rd3 20. Rfc1 Rfd8 21. Qe2 Qd5 22. h3 Qxa2 23. Kh2 Qd5 24. Qg4 Qd6+ 25. g3 Kh8 26. Qa4 a6 27. b4 Qd5 28. Rc5 Qf3 29. Qa2 Rd1 30. Rxd1 Rxd1 31. Qxe6 Qh1# 0-1

[Event "Wch U14 Girls"]
[Site "Mumbai"]
[Date "2019.10.03"]
[Round "2"]
[White "Yash, Jyoti Bir"]
[Black "Hakobyan, Astghik"]
[Result "0-1"]
[WhiteElo "1640"]
[BlackElo "1978"]
[PlyCount "41"]
[EventDate "2019.10.02"]
[EventType "swiss"]
[EventRounds "11"]
[EventCountry "IND"]
[SourceTitle "EXT 2020"]
[Source "ChessBase"]
[SourceDate "2019.10.17"]
[SourceVersion "1"]
[SourceVersionDate "2019.10.17"]
[SourceQuality "1"]

1. e4 e6 2. d4 d5 3. Nd2 c5 4. exd5 Qxd5 5. dxc5 Bxc5 6. Ngf3 Nf6 7. Bc4 Qc6 8. Qe2 a6 9. Nb3 Ba7 10. Bg5 Nbd7 11. 0-0-0 0-0 12. Bxf6 Nxf6 13. Bd3 b5 14. g4 Bb7 15. Nfd4 Bxd4 16. Nxd4 Qd5 17. Nb3 Qg5+ 18. Kb1 Bxh1 19. Rxh1 Qxg4 20. f3 Qh5 21. Rg1 0-1

[Event "IND-ch (Women) 46th"]
[Site "Managiri"]
[Date "2019.07.19"]
[Round "1"]
[White "Yash, Jyoti Bir"]
[Black "Srija, Seshadri"]
[Result "0-1"]
[WhiteElo "1646"]
[BlackElo "2306"]
[PlyCount "50"]
[EventDate "2019.07.19"]
[EventType "swiss"]
[EventRounds "11"]
[EventCountry "IND"]
[SourceTitle "EXT 2020"]
[Source "ChessBase"]
[SourceDate "2019.10.17"]
[SourceVersion "1"]
[SourceVersionDate "2019.10.17"]
[SourceQuality "1"]

1. e4 e5 2. Nf3 Nc6 3. Bb5 g6 4. d3 Bg7 5. c3 Nge7 6. 0-0 a6 7. Ba4 0-0 8. Nbd2 b5 9. Bc2 d6 10. Re1 Kh8 11. Nf1 f5 12. exf5 Nxf5 13. Bg5 Qd7 14. Ne3 Bb7 15. Nxf5 gxf5 16. Nh4 Qf7 17. d4 e4 18. Qd2 Nd8 19. f3 Ne6 20. fxe4 fxe4 21. Bh6 Bxh6 22. Qxh6 Qf2+ 23. Kh1 Rf6 24. Qh5 Raf8 25. Nf3 Nf4 0-1

[Event "Commonwealth-ch U14 Girls"]
[Site "New Delhi"]
[Date "2019.07.07"]
[Round "7.2"]
[White "Dhyana, Patel"]
[Black "Yash, Jyoti Bir"]
[Result "0-1"]
[WhiteElo "1900"]
[BlackElo "1646"]
[PlyCount "90"]
[EventDate "2019.07.01"]
[EventType "swiss"]
[EventRounds "7"]
[EventCountry "IND"]
[SourceTitle "EXT 2024"]
[Source "ChessBase"]
[SourceDate "2023.10.10"]
[SourceVersion "1"]
[SourceVersionDate "2023.10.10"]
[SourceQuality "1"]

1. e4 c5 2. Nf3 d6 3. d4 cxd4 4. Qxd4 Nc6 5. Bb5 Bd7 6. Bxc6 Bxc6 7. Nc3 Nf6 8. Bg5 e6 9. 0-0-0 Be7 10. Rhe1 0-0 11. Kb1 Qc7 12. Qd3 Rfd8 13. Nd4 Rab8 14. f4 h6 15. Bh4 Nxe4 16. Bxe7 Nxc3+ 17. Qxc3 Qxe7 18. Re3 Qf6 19. Nxc6 bxc6 20. Qxf6 gxf6 21. Rd4 f5 22. Red3 d5 23. Rc3 Rdc8 24. Ra4 Rb7 25. Rc5 Kf8 26. c4 d4 27. b3 Ke7 28. Rca5 Rcc7 29. c5 Rd7 30. Kc2 f6 31. Rc4 e5 32. Kd2 Ke6 33. Rc1 Kd5 34. Ra4 Rg7 35. g3 Rg4 36. fxe5 fxe5 37. Rf1 Rf7 38. Rc4 h5 39. Rcc1 h4 40. gxh4 Rxh4 41. Rf2 e4 42. Rg2 Rfh7 43. Rg5 Rxh2+ 44. Kd1 Ke5 45. Rg6 Rxa2 0-1

[Event "IND-ch U13 Girls 33rd"]
[Site "Visakhapatnam"]
[Date "2019.05.09"]
[Round "8"]
[White "Panda, Miracle"]
[Black "Yash, Jyoti Bir"]
[Result "1/2-1/2"]
[WhiteElo "1379"]
[BlackElo "1507"]
[PlyCount "66"]
[EventDate "2019.05.04"]
[EventType "swiss"]
[EventRounds "11"]
[EventCountry "IND"]
[SourceTitle "CBM 190 Extra"]
[Source "ChessBase"]
[SourceDate "2019.07.15"]
[SourceVersion "1"]
[SourceVersionDate "2019.07.15"]
[SourceQuality "1"]

1. e4 c5 2. Nc3 d6 3. f4 g6 4. Nf3 Bg7 5. Bb5+ Bd7 6. Bxd7+ Qxd7 7. d3 Nf6 8. 0-0 0-0 9. Qe1 Nc6 10. h3 Rac8 11. Qh4 Nd4 12. Rf2 Nxf3+ 13. Rxf3 b5 14. Bd2 c4 15. e5 dxe5 16. fxe5 Nd5 17. d4 Nxc3 18. Bxc3 f6 19. Raf1 fxe5 20. dxe5 Rxf3 21. Rxf3 Qe6 22. Qe4 Rd8 23. Bd4 a6 24. c3 Qd5 25. Qe3 Qe6 26. Qe4 Qd5 27. Qe3 Qe6 28. Qg5 a5 29. h4 h6 30. Qg3 h5 31. Qg5 Kh7 32. Qe3 Rd5 33. Qf2 Kg8 1/2-1/2

[Event "IND-ch U13 Girls 33rd"]
[Site "Visakhapatnam"]
[Date "2019.05.08"]
[Round "7"]
[White "Yash, Jyoti Bir"]
[Black "Velpula, Sarayu"]
[Result "0-1"]
[WhiteElo "1507"]
[BlackElo "1768"]
[PlyCount "86"]
[EventDate "2019.05.04"]
[EventType "swiss"]
[EventRounds "11"]
[EventCountry "IND"]
[SourceTitle "CBM 190 Extra"]
[Source "ChessBase"]
[SourceDate "2019.07.15"]
[SourceVersion "1"]
[SourceVersionDate "2019.07.15"]
[SourceQuality "1"]

1. e4 c5 2. Nf3 g6 3. d4 cxd4 4. Qxd4 Nf6 5. e5 Nc6 6. Qa4 Nd5 7. Qe4 Nc7 8. Nc3 Bg7 9. Bf4 b6 10. h4 h5 11. Bc4 Bb7 12. 0-0-0 Na5 13. Qd3 Nxc4 14. Qxc4 Ne6 15. Bg3 Rc8 16. Qe2 Qc7 17. Kb1 a6 18. Rhe1 b5 19. Ne4 0-0 20. Neg5 Bh6 21. Rd3 Bc6 22. Red1 Qb7 23. Nxe6 dxe6 24. Rd4 Bd5 25. Bf4 Bxf3 26. Qxf3 Qxf3 27. gxf3 Bxf4 28. Rxf4 Rc5 29. Re4 Rfc8 30. c3 Rd5 31. Rdd4 Rcd8 32. Kc2 Rxd4 33. Rxd4 Rxd4 34. cxd4 g5 35. Kd2 gxh4 36. Ke2 Kg7 37. f4 Kg6 38. Kf3 Kf5 39. b4 h3 40. Kg3 h2 41. Kxh2 Kxf4 42. Kh3 Ke4 43. Kh4 Kxd4 0-1

[Event "IND-ch U13 Girls"]
[Site "Ahmedabad"]
[Date "2018.06.15"]
[Round "3"]
[White "Yash, Jyoti Bir"]
[Black "Dhyana, Patel"]
[Result "1/2-1/2"]
[WhiteElo "1349"]
[BlackElo "1752"]
[PlyCount "53"]
[EventDate "2018.06.14"]
[EventType "swiss"]
[EventRounds "11"]
[EventCountry "IND"]
[SourceTitle "EXT 2019"]
[Source "ChessBase"]
[SourceDate "2018.10.10"]
[SourceVersion "1"]
[SourceVersionDate "2018.10.10"]
[SourceQuality "1"]

1. e4 c5 2. Nf3 Nc6 3. d4 cxd4 4. Nxd4 g6 5. c4 Nf6 6. Nc3 d6 7. Be2 Nxd4 8. Qxd4 Bg7 9. Be3 0-0 10. Qd2 Be6 11. 0-0 a5 12. Rac1 Nd7 13. Nd5 Nc5 14. Bxc5 dxc5 15. b3 Bd4 16. Rcd1 Ra6 17. Kh1 Rd6 18. f4 f6 19. f5 Bxd5 20. cxd5 g5 21. Qd3 Rf7 22. Bg4 Qd7 23. a4 Rb6 24. Rf3 Rb4 25. Rh3 b5 26. axb5 Qxb5 27. Qf3 1/2-1/2